El Presupuesto universitario: algo más que números /
Trata el problema del presupuesto universitario que se agraba cada año. La reducción de presupuesto para la educación incrementa los problemas sociales, da un mayor desempleo y la posibilidad para que los estudiantes de escazos recursos puedan ingresar a la Universidad se ve disminuída, ya que la pr...
Zapisane w:
| 1. autor: | |
|---|---|
| Format: | Texto |
| Hasła przedmiotowe: | |
| Etykiety: |
Dodaj etykietę
Nie ma etykietki, Dołącz pierwszą etykiete!
|
MARC
| LEADER | 00000 a a2200000 04500 | ||
|---|---|---|---|
| 001 | 1762 | ||
| 003 | |||
| 040 | |||
| 100 | |a Rivera Pérez, Luis | ||
| 245 | |a El Presupuesto universitario: |b algo más que números / |c Luis Rivera Pérez | ||
| 520 | |a Trata el problema del presupuesto universitario que se agraba cada año. La reducción de presupuesto para la educación incrementa los problemas sociales, da un mayor desempleo y la posibilidad para que los estudiantes de escazos recursos puedan ingresar a la Universidad se ve disminuída, ya que la privatización avanza rápidamente al igual que en otros campos. Con la privatización se están creando universidades subordinadas a los sectores económicos poderosos. OB/agv | ||
| 650 | |a PRESUPUESTO | ||
| 650 | |a ENSEÑANZA SUPERIOR | ||
| 650 | |a PODER EJECUTIVO | ||
| 650 | |a OPINION PUBLICA | ||
| 650 | |a CONSEJO NACIONAL DE RECTORES, CR | ||
| 650 | |a INFLACION | ||
| 650 | |a SECTOR PUBLICO | ||
| 650 | |a DEMOCRACIA | ||
| 650 | |a RECESION ECONOMICA | ||
| 773 | |g volumen 7, número 40; páginas 14-17 | ||
| 999 | |c 32934 |d 32934 | ||
